| 000 | 01045nam a22002657a 4500 | ||
|---|---|---|---|
| 001 | 000710 | ||
| 003 | DO-SdBNP | ||
| 005 | 20180212094150.0 | ||
| 007 | 000710 | ||
| 008 | 161117b 1995 nyu a ||||| |||| 00| 0 spa d | ||
| 020 | _a0689319843 | ||
| 040 |
_aBPMSU _bspa _cBPMSU |
||
| 082 |
_axxxx _bxxxx |
||
| 100 | 1 | _aViorst, Judith | |
| 240 | 1 | 0 |
_aAlexander who is not (do you hear me?) going (I mean it!) to move. _lEspañol |
| 245 | 1 | 0 |
_aAlexander que de ninguna manera-- ¿le oyen?-- ¡lo dice en serio!--se va a mudar / _cpor Judith Viorst ; ilustrado por Robin Preiss Glasser en el estilo de Ray Cruz ; traducido por Alma Flor Ada. |
| 260 |
_aNew York : _bLibros Colibrí, _c1995. |
||
| 300 |
_a32 páginas sin numerar : _bil. ; _c19 cm. |
||
| 500 | _aTraducción de Alexander who is not (do you hear me?) going (I mean it!) to move. | ||
| 700 | 1 | 2 |
_aPreiss Glasser, Robin, _eil. |
| 700 | 1 | 2 |
_a Ada, Alma Flor, _etr. _d1938- |
| 942 |
_2ddc _cBK |
||
| 945 | _ainventariado, 2018 / dg | ||
| 956 |
_2LOPEREZ _310 _620161117 _8BPMSU _a00041 |
||
| 999 |
_c11985 _d11985 |
||